Statistics for The Binding of Isaac Item Effects

Click here to take the quiz!

General Stats

  • This quiz has been taken 475 times
  • The average score is 65 of 80

Answer Stats

QuestionTileSelect% Correct
that increase health. (Soul or Red Hearts)BreakfastYes
97%
that increase health. (Soul or Red Hearts)Magic MushroomYes
97%
that increase health. (Soul or Red Hearts)LunchYes
96%
that increase damageGeminiNo
95%
that increase damageMom's HeelsNo
95%
that increase health. (Soul or Red Hearts)A SnackYes
94%
that increase health. (Soul or Red Hearts)Jesus JuiceNo
94%
that increase damageMr. DollyNo
94%
that increase damageThe ParasiteNo
94%
that increase health. (Soul or Red Hearts)DessertYes
93%
that increase tearsLeoNo
93%
that increase health. (Soul or Red Hearts)PiscesNo
93%
that increase tearsBook of ShadowsNo
92%
that increase damageJesus JuiceYes
92%
that increase health. (Soul or Red Hearts)Meat!Yes
92%
that increase damageThe Small RockYes
92%
that increase damageWire Coat HangerNo
92%
that increase damageCricket's HeadYes
91%
that increase tearsHead of The KeeperNo
91%
that increase health. (Soul or Red Hearts)SausageYes
91%
that increase damageThe HaloYes
91%
that increase damageThe RelicNo
91%
that give money2SpookyNo
90%
that give moneyAnalog StickNo
90%
that give moneyBomb BagNo
90%
that give moneyCrown of LightNo
90%
that give moneyJupiterNo
90%
that give moneyA QuarterYes
89%
That can be found in Devil RoomsBrimstoneYes
89%
that increase tearsDark MatterNo
89%
that increase tearsTammy's HeadNo
89%
that increase health. (Soul or Red Hearts)The HaloYes
89%
that give moneyA DollarYes
88%
that give moneyBook of RevelationsNo
88%
That can be found in Devil RoomsDead CatYes
88%
That can be found in Devil RoomsGuppy's CollarYes
88%
that increase health. (Soul or Red Hearts)PJsYes
88%
that increase health. (Soul or Red Hearts)Rotten MeatYes
88%
That can be found in Devil RoomsCenserNo
87%
That can be found in Devil RoomsDead OnionNo
87%
That can be found in Devil RoomsRotten TomatoNo
87%
That can be found in Devil RoomsThe NailYes
87%
that give moneyPiggy BankYes
86%
That can be found in Devil RoomsDeath's TouchYes
85%
that increase tearsThe HaloYes
85%
that increase tearsWire Coat HangerYes
85%
that increase damageMeat!Yes
84%
that increase tearsSqueezyYes
84%
that increase health. (Soul or Red Hearts)SupperYes
84%
That can be found in Devil RoomsDark MatterYes
83%
That can be found in Devil RoomsRotten BabyYes
83%
that give moneySack of PenniesYes
83%
that give moneyWooden NickelYes
83%
that give moneyPageant BoyYes
82%
that increase damageSausageYes
82%
that increase damageSMB Super Fan!Yes
82%
that increase tearsIsaac's TearsNo
81%
That can be found in Devil RoomsThe Inner EyeNo
81%
That can be found in Devil RoomsBrother BobbyYes
80%
That can be found in Devil RoomsLord Of The PitYes
79%
that increase tearsSausageYes
79%
that increase health. (Soul or Red Hearts)BinkyYes
77%
that give moneyHead of The KeeperYes
77%
that increase damageStevenYes
77%
That can be found in Devil RoomsSulfurYes
77%
that increase tearsBlue CapYes
76%
that increase damageChemical PeelYes
76%
that increase health. (Soul or Red Hearts)SMB Super Fan!Yes
76%
that increase health. (Soul or Red Hearts)CapricornYes
74%
that increase tearsMini MushNo
74%
That can be found in Devil RoomsVentricle RazorNo
74%
that give moneyIV BagYes
68%
that increase tearsSagittariusNo
66%
that increase tearsPiscesYes
65%
that increase tearsTiny PlanetNo
51%
That can be found in Devil RoomsRazor BladeNo
33%
that give moneyKey BumYes
26%
that increase damageDark MatterNo
22%
that increase tearsMr. DollyNo
13%
that give moneyDark BumYes
10%

Score Distribution

Percentile by Number Answered

Percent of People with Each Score

Your Score History

You have not taken this quiz